[Event "RUS-Cup02"]
[Site "Moscow"]
[Date "1998.??.??"]
[Round "9"]
[White "Burmakin, Vladimir"]
[Black "Goloshchapov, Alexander"]
[Result "1-0"]
[WhiteElo "2550"]
[BlackElo "2400"]
[Annotator "Tsesarsky,I"]
[PlyCount "111"]
[EventDate "1998.01.21"]
[EventType "swiss"]
[EventRounds "9"]
[EventCountry "RUS"]
[SourceTitle "CBM 063"]
[Source "ChessBase"]
[SourceDate "1998.03.26"]
[SourceVersion "1"]
[SourceVersionDate "1998.03.26"]
[SourceQuality "1"]

1. d4 d5 2. c4 e6 3. Nf3 c6 4. Qc2 Nf6 5. g3 Be7 6. Bg2 Nbd7 7. O-O b6 8. Nbd2
Ba6 9. e4 O-O 10. Rd1 Rc8 11. b3 c5 12. exd5 exd5 13. Qf5 (13. Bb2 Bb7 14. Qf5
g6 15. Qh3 h5 {Tal,M-Lputian,S/Manila izt/1990/}) 13... g6 14. Qh3 Re8 (14...
Qc7 15. Bb2 Bb7 16. Rac1 Rfe8 17. cxd5 Bxd5 18. dxc5 bxc5 19. Nc4 $14 {1/2-1/2
Suba,M-Maric,A/Hastings op 1991 (80)}) (14... Rc7 15. Bb2 Bc8 16. Qh6 Ng4 17.
Qf4 Ngf6 18. Ne5 Nh5 19. Qf3 Nxe5 20. dxe5 d4 $132 {1/2-1/2 Suba-Flear/Dundee,
SW 1991 (45)}) (14... b5 15. cxd5 c4 (15... Nxd5 16. Ne4 Bb7 17. Nfg5 $14) 16.
Ng5 (16. bxc4 $5 bxc4 17. Ng5 $14) 16... Qb6 (16... c3 17. Nde4 c2 18. Re1 Bb4
19. Re2 $16) 17. Nde4 $16 {0-1 Stangl,M-Horvath,C/Balatonbereny 1996 (60)} (17.
Nxh7 $5 Nxh7 18. Qxd7 Rfe8 19. Ne4 $14)) (14... h5 15. Bb2 Rc7 (15... cxd4 16.
Bxd4 Nc5 17. Ne5 Rc7 18. Bf3 {1/2-1/2 Ninov,K-Popov,P/Bankia tt 1992}) 16. Bh1
$1 (16. Re1 Bc8 17. Bh1 Ne5 18. Qf1 Nxf3+ $10) 16... Bb7 (16... Bc8 17. Qf1 $14
) 17. Re1 (17. Qf1 dxc4 18. Qxc4 Qa8 19. Bg2 Bd5 $132 {1/2-1/2 Goetz,
R-Neunhoeffer,H/BL 1991 (59)}) 17... Ng4 18. Rad1 $14 {Cifuentes Parada,
R-Sosonko,G/NLD-ch/1992/0,5/59/}) (14... cxd4 15. Nxd4 Ne5 16. N2f3 Neg4 17.
Bf4 h5 18. Ne5 Nxe5 19. Bxe5 Ng4 20. Bf4 dxc4 21. Nc6 (21. Ne6 $4 Qe8 $19 {
0-1 Safyanovsky-Lputian,S/Tashkent 1979 (26)}) 21... Qe8 22. Re1 Rxc6 23. Bxc6
Qxc6 24. Rxe7 Bb7 25. Rxb7 Qxb7 26. bxc4 Rc8 27. Qf1 $15) 15. Bb2 Bf8 (15...
Bb7 16. Re1 $11) 16. cxd5 Be2 (16... Nxd5 $6 17. Ng5 $5 (17. Re1 $11) 17...
Qxg5 18. Qxd7 Red8 19. Qa4 (19. Qxa7 Ra8 $19) 19... Be2 20. Ne4 Qg4 21. h3 Qh5
22. Re1 $14) 17. Re1 Nxd5 18. Ne5 (18. Rac1 Bg7 19. Nc4 (19. Ne5 Nxe5 20. Rxe2
Nd3 21. Rxe8+ Qxe8 22. Bxd5 Nxb2 23. dxc5 Nd3 $11) 19... N7f6 (19... Nb4 20.
Nd6 Nd3 21. Nxe8 Qxe8 22. Bf1 Nxc1 23. Bxc1 $18) 20. Nce5 $11) 18... Nxe5 19.
Rxe2 (19. dxe5 Nf4 20. gxf4 Qxd2 21. Bc3 Qd3 22. Qe3 Qxe3 23. fxe3 Ba6 $11)
19... cxd4 (19... Nd3 20. Rxe8 Qxe8 21. Bxd5 Nxb2 (21... Rd8 22. Bg2 Nxb2 23.
Ne4 Bg7 24. dxc5 Nd3 25. Rf1 Nxc5 $11) 22. Ne4 Be7 23. Re1 Qf8 24. Bxf7+ Kxf7
25. Re2 (25. d5 Kg7 26. d6 Rd8 27. dxe7 Qxe7 28. Qg4 Nd3 29. Re3 $11) 25... Kg7
26. Rxb2 Rd8 27. Rd2 (27. dxc5 Qf3 $17) 27... cxd4 28. Qe6 d3 29. Qe5+ Kg8 $132
) 20. Rae1 $5 (20. Bxd4 Nf4 21. gxf4 Qxd4 22. Rae1 Qxf4 23. Nc4 f6 $11) 20...
Rc2 $1 21. Bxd4 $8 Rxd2 $1 (21... Nf4 $5 22. gxf4 $8 Qxd4 $8 23. Ne4 (23. fxe5
Rxd2 24. Rxd2 Qxd2 25. Qe3 Qxa2 26. Bd5 Bg7 $17) 23... Nd3 $1 (23... Rxe2 24.
Nf6+ $18) 24. Rxc2 Nxe1 25. Rd2 Qg7 (25... Nxg2 26. Rxd4 $18) 26. Bh1 $132) 22.
Rxd2 $6 (22. Rxe5 $5 Nc7 $1 (22... Rxe5 $2 23. Bxe5 Nb4 24. Be4 f5 25. Bxf5
gxf5 26. Qxf5 Rd6 27. a3 Nc6 28. Bxd6 (28. Qg4+ Kf7 (28... Rg6 29. Qc4+ $18)
29. Qc4+ Re6 30. Qxe6+ Kxe6 31. Bc7+ $14) 28... Qxd6 29. Re8 Na5 30. b4 Nb3 31.
Qf3 $16) (22... Nf6 23. Rxe8 Nxe8 $15) 23. Rxe8 Nxe8 24. Be3 Rxa2 $15) 22...
Nf3+ $1 $15 23. Bxf3 Rxe1+ 24. Kg2 Qg5 $1 25. Bxd5 $8 Qxd5+ $1 (25... Qxd2 $2
26. Qd7 Re7 27. Qd6 Qa5 (27... Qh6 28. Qf6 Qg7 29. Qxe7 Bxe7 30. Bxg7 Kxg7 $11)
28. h4 $44) 26. f3 Qa5 (26... Qb5 27. Rf2 Rd1 28. Be3 Qd3 29. Bh6 Bxh6 30. Qxh6
Qb1 31. Qf4 Rg1+ 32. Kh3 Qe1 33. Rd2 Qe6+ 34. g4 $11) 27. Rf2 (27. Rc2 Rd1 28.
Qg4 Rd2+ 29. Rxd2 Qxd2+ 30. Kh3 Qxa2 $17) 27... Rd1 28. Qg4 (28. Qh4 $5 Qb4 $5
(28... Qd5 29. Bb2 Rd2 30. Qf6 Rxf2+ 31. Kxf2 Bc5+ 32. Ke2 Kf8 33. Qh8+ Ke7 34.
Qxh7 Qe6+ $11) 29. Bf6 Qe1 30. Bd4 $8 Be7 31. Qf4 f6 32. Qe3 $11 (32. Bxf6 Bxf6
33. Qxf6 Qg1+ 34. Kh3 Qxf2 $19) 32... Qh1+ 33. Kh3 Re1 34. Qf4 Kf7 $132) 28...
Qb4 29. Be5 $2 (29. Be3 Qe1 30. f4 Ra1 31. Qe2 Qh1+ 32. Kh3 Re1 33. Qd3 $11)
29... Qe1 $17 30. Bd4 (30. f4 Qg1+ 31. Kh3 Qxf2 32. Qxd1 Qxa2 $17) 30... h5 (
30... h6 31. Qf4 Bg7 32. Be3 Kh7 (32... Qg1+ 33. Kh3 Rd5 34. g4 Rd3 35. Qc4 Rc3
(35... Rxe3 36. Rf1 $16) 36. Qe2 Kh7 37. Bf4 a5 $15) 33. g4 Qg1+ 34. Kh3 Rd3
35. Qe4 Rc3 36. Qf4 $15) 31. Qf4 $8 Bg7 32. Be3 $8 (32. Bxg7 Kxg7 $19) 32...
Kh7 33. g4 (33. Qg5 Qh1+ 34. Kh3 Rd3 $17) 33... hxg4 $2 $15 (33... Rd3 $1 34.
Bd2 (34. Bc1 hxg4 35. fxg4 Rd4 $19) 34... Qe6 35. Kf1 (35. gxh5 Bd4 36. Qh4 Kg7
37. Bf4 (37. Qd8 Qf5 $19) 37... Bxf2 38. h6+ Kh7 39. Qxf2 Qf5 $19) 35... Rd4
$17) 34. fxg4 $8 Qg1+ (34... Qh1+ 35. Kh3 Rd3 36. Re2 $15) 35. Kh3 Rd3 36. Rf3
Qe1 37. g5 $15 Qe2 38. Qh4+ Kg8 39. Qe4 $4 (39. Qf4 $8 Qxa2 40. Qxf7+ Kh7 41.
Bg1 Qe2 42. Rxd3 Qxd3+ 43. Kh4 $6 (43. Kg2 Qd2+ 44. Kf1 Qc1+ (44... Qd1+ 45.
Kg2) 45. Kf2 Qxg5 46. Qxa7 Qd2+ 47. Kg3 Qd3+ 48. Kg2 Qxb3 49. Qxb6 $11) 43...
Qd6 44. h3 a5 45. Be3 $15) 39... Rd2 $4 $18 (39... Be5 $3 $19) 40. Qa8+ Kh7 (
40... Bf8 41. Bxd2 Qxd2 42. Qb7 $18) 41. Bxd2 Qxd2 42. Qxa7 Qxg5 43. Qxf7 Qh5+
(43... Qh6+ 44. Kg2 Qd2+ 45. Rf2 Qg5+ 46. Kh1 (46. Kf3 Qh5+ 47. Kg2 Qg5+) 46...
Qc1+ 47. Rf1 Qc6+ 48. Qf3 $18) 44. Kg2 Qg4+ 45. Kf1 b5 46. Qf4 Qd7 47. Kg2 Qd5
48. Kh3 Kg8 49. Re3 Qh5+ 50. Kg2 Qd5+ 51. Qe4 Qd2+ 52. Kh3 Qc1 53. Rg3 Qh6+ 54.
Kg2 Qd2+ 55. Kh1 Qc1+ 56. Rg1 1-0